B16_Googleマップ選出「47 都道府県の人気の場所ランキング」 - Statistics

General Stats
  • This quiz has been taken 53 times
  • The average score is 20 of 47
Answer Stats
都道府県 観光スポット % Correct
千葉県 東京ディズニーリゾート
83%
東京都 東京スカイツリー
79%
鳥取県 鳥取砂丘
77%
栃木県 日光東照宮
75%
三重県 おかげ横丁
75%
兵庫県 姫路城
75%
奈良県 奈良公園
75%
島根県 出雲大社
75%
広島県 嚴島神社
75%
石川県 兼六園
71%
愛知県 名古屋城
71%
岐阜県 白川郷
69%
岩手県 中尊寺
67%
群馬県 草津温泉湯畑
65%
富山県 黒部ダム
65%
熊本県 熊本城
63%
大阪府 ユニバーサル・スタジオ・ジャパン
58%
福井県 東尋坊
54%
長崎県 ハウステンボス
54%
大分県 金鱗湖(湯布院)
54%
沖縄県 沖縄美ら海水族館
54%
滋賀県 彦根城
50%
神奈川県 横浜中華街
48%
福岡県 太宰府天満宮
44%
長野県 松本城
42%
愛媛県 松山城
42%
宮崎県 高千穂峡
42%
福島県 鶴ヶ城(若松城)
40%
岡山県 倉敷美観地区
40%
北海道 旭山動物園
38%
京都府 伏見稲荷大社
38%
埼玉県 さいたまスーパーアリーナ
35%
秋田県 たつこ像(田沢湖)
29%
山形県 鶴岡市立加茂水族館
21%
香川県 栗林公園
21%
山梨県 忍野八海
15%
山口県 唐戸市場
15%
徳島県 大塚国際美術館
15%
鹿児島県 仙巌園
8%
静岡県 三島スカイウォーク
6%
高知県 ひろめ市場
6%
宮城県 仙台うみの杜水族館
4%
茨城県 那珂湊おさかな市場
4%
和歌山県 とれとれ市場南紀白浜
4%
佐賀県 祐徳稲荷神社
4%
青森県 八食センター
2%
新潟県 寺泊魚の市場通り(魚のアメ横)
2%
No matching quizzes found
Score Distribution
Percent of People with Each Score
Percentile by Number Answered
Your Score History
You have not taken this quiz